Schlacht bei Liegnitz am 15ten August 1760

Titel: Schlacht bei Liegnitz am 15ten August 1760 / Hammer gez.
Beteiligt:
In: Karten und Pläne zur Geschichte des siebenjährigen Krieges, Heft 32 (1851)
alle Artikel anzeigen
Maßstab: 1:50 000
Veröffentlicht: [Berlin] : [Preußischer Generalstab], [erschienen 1851]
Umfang: 1 Karte : Lithografie ; 27 x 30 cm
Format: Aufsatz
Sprache: Deutsch
Schlagworte:
Kein Bild verfügbar
X
alg: 52235826
001A    $03004:21-10-24 
001B    $03004:20-02-25 $t15:26:25.000 
001D    $03004:21-10-24 
001U    $0utf8 
001X    $00 
002@    $0Kou 
002C    $akartografisches Bild $bcri $2rdacontent 
002D    $aohne Hilfsmittel zu benutzen $bn $2rdamedia 
002E    $aBlatt $bnb $2rdacarrier 
003@    $0522358268 
004L    $0IKAR 10185241X 
007A    $0522358268 $aHEB 
010@    $ager 
010E    $erda 
011@    $a1851 $n[erschienen 1851] 
013D    $RKarte $#Historical geography Maps $#Géographie historique Cartes $#Historia universal Atlas $#Alte Karte $#Historische Karte Formangabe $74611904-8 $8Altkarte [Ts1] $9094333912 
021A    $aSchlacht bei Liegnitz am 15ten August 1760 $hHammer gez. 
028C    $BKartograf $4ctg $7 $8Hammer, ... [Tnd] $9215479149 
031A    $e32 $j1851 
033A    $p[Berlin] $n[Preußischer Generalstab] 
034D    $a1 Karte 
034I    $a27 x 30 cm 
034M    $aLithografie 
035E    $a1:50 000 
037A    $aTitel oben links. - Maßstab in grafischer Form (Schritt). - Ohne Karten-Netz. - Mit Schraffen 
039B    $aEnthalten in $8--Aau--. Karten und Pläne zur Geschichte des siebenjährigen Krieges. - [Berlin] : [Preußischer Generalstab], 21/11 51. - 1 Atlas. - Karten $x185100000000032999 $9521820391 
044K    $#Legnica ziemia $#Liegnitz Region $#Liegnitzer Land $74560685-7 $8Legnica$zRegion [Tg1] $9090685504 
044K    $RSiebenjähriger Krieg $#Panten Schlacht 1760 Liegnitz $#Pantow Legnicki Schlacht 1760 $74841817-1 $8Liegnitz$xSchlacht$g1760 [Ts1] $9132798476 
044K    $RKarte $RMilitärkartografie $#Militärische Karte $74324072-0 $8Militärkarte [Ts1] $9086790722 
045F    $a910.943809034 $eDDC23BSB 
045F/01 $a910 
045F/03 $f09034 
045F/03 $f09033 
045F/03 $g438 
045F/03 $g4385 
045R    $aGeschichte 1760 
047C    $afünfzehnten siebzehnhundertsechzig 

lok: 52235826 24

exp: 52235826 24 1 #EPN
201B/01 $021-10-24 $t12:43:36.000 
201C/01 $021-10-24 
201U/01 $0utf8 
203@/01 $01278463739 
208@/01 $a21-10-24 $bz 
209A/01 $aK 31 XIV B 1 : 32 - R $dd $f050 $hK 31 14 B 1 / B 32 $x00 
209C/01 $aK 86 3820 $h86 03820 K 
220C/01 $awei 
237A/01 $aTruppenstellungen und Operationen koloriert 
247C/01 $8358050-7 Marburg, Bibliothek des Herder-Instituts Marburg $9102600961
LEADER 00000cea a2200000 c 4500
001 522358268
003 DE-603
005 20250220152625.0
007 a|||||||
008 241021s1851 xx |||||| z || | ||ger c
035 |a (DE-599)HEB522358268 
040 |a DE-603  |b ger  |c DE-603  |d DE-603  |e rda 
041 |a ger 
082 0 4 |8 1\u  |a 910.943809034  |q DE-101  |2 23/BSB 
085 |8 1\u  |b 910 
085 |8 1\u  |z 1  |s 09034 
085 |8 1\u  |z 1  |s 09033 
085 |8 1\u  |z 2  |s 438 
085 |8 1\u  |z 2  |s 4385 
245 0 0 |a Schlacht bei Liegnitz am 15ten August 1760  |c Hammer gez. 
246 1 0 |a fünfzehnten siebzehnhundertsechzig 
255 |a 1:50 000 
264 1 |a [Berlin]  |b [Preußischer Generalstab]  |c [erschienen 1851] 
300 |a 1 Karte  |b Lithografie  |c 27 x 30 cm 
336 |a kartografisches Bild  |b cri  |2 rdacontent 
337 |a ohne Hilfsmittel zu benutzen  |b n  |2 rdamedia 
338 |a Blatt  |b nb  |2 rdacarrier 
500 |a Titel oben links. - Maßstab in grafischer Form (Schritt). - Ohne Karten-Netz. - Mit Schraffen 
510 4 |a Altkartendatenbank, SPK, Berlin  |c 10185241X 
648 7 |a Geschichte 1760  |2 gnd 
650 7 |a Liegnitz  |x Schlacht  |g 1760  |0 (DE-588)4841817-1  |0 (DE-603)132798476  |2 gnd 
650 7 |a Militärkarte  |0 (DE-588)4324072-0  |0 (DE-603)086790722  |2 gnd 
651 7 |a Legnica  |0 (DE-588)4560685-7  |0 (DE-603)090685504  |2 gnd 
655 7 |a Altkarte  |2 gnd-content  |0 (DE-588)4611904-8  |0 (DE-603)094333912 
700 1 |a Hammer, ...  |e Kartograf  |4 ctg  |0 (DE-603)215479149 
773 0 8 |i Enthalten in  |t Karten und Pläne zur Geschichte des siebenjährigen Krieges  |d [Berlin] : [Preußischer Generalstab], 21/11 51  |h 1 Atlas, Karten  |g Heft 32 (1851)  |w (DE-603)521820391 
924 0 |9 Mb 50  |a (DE-603)1278463739  |b DE-Mb50  |c HES  |d d  |g K 31 XIV B 1 : 32 - R